00189nam a2200073Ia 4500008004100000050001900041100001900060245003600079230915s9999 xx 000 0 und d aTR222.D38.2001 aADRIAN DAVIES  0aDIGITAL IMAGING FOR PHOTOGRAPHS